Music Quiz

Random Music or Song Quiz

The Last Word: Male Singers Quiz Stats

 Plays Quiz Updated Jun 21, 2016

Challenge
Share
Tweet
Embed
Score 0/36 Timer 05:00
0 Plays Today
Hint Answer % Correct
Michael JacksonJean
97.5%
Bob DylanStone
97.1%
Elton JohnRoad
95.7%
Marvin GayeOn
95.5%
Billy JoelGirl
95.5%
Elvis PresleyShoes
94.6%
Elton JohnWind
94.5%
Johnny CashFire
93.8%
Billy JoelAre
93.6%
Elvis PresleyHotel
91.3%
Stevie WonderIvory
91.1%
Michael JacksonMirror
91%
John LennonChance
90.4%
PrinceCry
88.7%
Elton JohnDancer
88.6%
Elvis PresleyTender
87.7%
Marvin GayeHealing
85.6%
Bruce SpringsteenDark
80.9%
Hint Answer % Correct
Johnny CashBlues
79.5%
Johnny CashSue
78.2%
PrinceCorvette
75.2%
John LennonOver
69.7%
David BowieOddity
65.9%
Bruce SpringsteenHeart
55.4%
Billy JoelTime
54.8%
Bob DylanStreet
52.9%
Bob DylanWoman
52.8%
Stevie WonderDuke
46.8%
Marvin GayeLove
39.5%
Michael JacksonNature
36.2%
Stevie WonderBirthday
23.5%
Bruce SpringsteenDisguise
22.5%
David BowieThings
20.3%
David BowieBeginners
18.7%
John LennonDream
18%
PrinceTemple
10%

You're not logged in!

Compare scores with friends on all Sporcle quizzes.
Join for Free
OR
Log In

You Might Also Like...

Show Comments

Extras

Top Quizzes Today


Score Distribution

Your Account Isn't Verified!

In order to create a playlist on Sporcle, you need to verify the email address you used during registration. Go to your Sporcle Settings to finish the process.

Report this User

Report this user for behavior that violates our Community Guidelines.

Details: